Statystyki dla Quiz dla Prawdziwego Fana Piłki Nożnej

Kliknij tutaj aby rozwiązać quiz!

Ogólne statystyki

  • Ten quiz został rozwiązany 282 razy
  • Średni wynik to 9 z 15

Statystyki odpowiedzi

ZagadnienieOdpowiedź% Poprawnych
w Niemczech(Bundesliga)Najwięcej Mistrzostw ma:Bayern Monachium
98%
Najwięcej Wygranych w Lidze Mistrzów Ma:Real Madryt
93%
Najgorsza Reprezentacja Rankingu FIFA.San Marino
90%
w Którym Roku Polska wraz z Ukrainą Byli gospodarzami EURO2012
85%
w Hiszpanii(La Liga) Najwięcej Mistrzostw Ma:Real Madryt
83%
w Polsce(ekstraklasie)najwięcej mistrzostw ma:Legia Warszawa
78%
w Anglii(Premier League) Najwięcej Mistrzostw Ma:Manchester United
78%
we Włoszech(SERIE A) Najwięcej Mistrzostw Ma:Juventus
64%
Najwięcej Razy Puchar Polski Wygrał?Legia Warszawa
58%
Najwięcej Zwycięstw Na Mundialu Kolejno Ma?Brazylia / Włochy / Niemcy
50%
Ostatnim Mistrzem Świata Przed 2 Wojną Światową Jest?Włochy
50%
W Którym z Podanych Krajów Nie ma Ligi Piłkarskiej Ale Ma Puchar KrajowyLiechtenstein
33%
a do jakiego etapu doszedł ten klub?Pół Finał
30%
we Francji(Ligue 1)Najwięcej Mistrzostw ma:PSG I Saint Etienne
29%
Jaki Polski Klub zaszedł Najdalej w Lidze Mistrzów?Widzew Łódź
25%

Rozkład punktacji

Percentyl według liczby udzielonych odpowiedzi

Procent ludzi z każdym wynikiem

Twoja historia wyników

Nie rozwiązałeś tego quizu